00256nam a2200109Ia 4500008004100000100001200041245002900053260002600082260000900108546001200117999001700129170619s9999 xx 000 0 und d aLal- H. 0aTOTAL QUALITY MANAGEMENT bNew Age International c2008 aENGLISH c18749d18749